Viaggio alla Terra del Fuoco e in Patagonia

Збережено в:
Бібліографічні деталі
Автор: Ardemagni, Mirko (Автор)
Формат: Книга
Мова:Італійська мова
Опубліковано: Milán Giacomo Agnelli 1929
Редагування:1a. ed
Предмети:
Теги: Додати тег
Немає тегів, Будьте першим, хто поставить тег для цього запису!

MARC

LEADER 00000nam a2200000 a 4500
001 UCJ3617
003 CL-VaPUC
008 070124e19290000IT |||||||||||||||||ita|d
082 0 4 |a 910.4  |b ARD  |2 21 
100 0 |a Ardemagni, Mirko  |e author  |9 505637 
245 1 0 |a Viaggio alla Terra del Fuoco e in Patagonia 
250 |a 1a. ed 
300 |a 228 p 
942 |c BK 
945 |d 20070124 00:00:00  |a rinostro 
260 |a Milán  |b Giacomo Agnelli  |c 1929 
500 |a Ilustraciones 
650 0 |a Viajes  |9 257115 
650 0 |a Onas   |9 409869 
650 0 |a Alacalufes  |9 267400 
650 0 |a Fueguinos  |9 417010 
650 0 |a Cultura  |9 269059 
651 0 |a Patagonia  |9 269580 
651 7 |a PUNTA ARENAS  |2 CL-VaPUC  |9 314722 
651 0 |a Estrecho de Magallanes  |9 354479 
583 |a last modification  |c 20070124 00:00:00  |k Rodrigo Vera 
999 |c 319739  |d 319737 
952 |0 0  |1 0  |4 0  |6 910_400000000000000_ARD_1929  |7 0  |8 X  |9 398107  |a FDOBUD  |b FDOBUD  |d 2019-11-22  |i 1006053  |o 910.4 ARD 1929  |p 1006053  |r 2019-11-22  |w 2019-11-22  |y BK_X  |k BUD